The usage of coherence in statistical practice of the Czech Republic

Bibliographic Details
Main Authors: Jílek, Jaroslav, 1931-2007 (Author), Vojta, Miloš (Author)
Format: Article
Language:Slovak
English
PhysicalDescription:Tab.
ISBN:8080558744
Subjects:

MARC

LEADER 00000naa a2200000 ar4500
001 vtls009964938
003 SK-MaSNL
005 20260309150405.0
008 091029c2003 xo mr|p|||||||000 b|slo
015 |a SNBRA2009/10  |2 snkbucl 
038 |a SNKBUCL 
040 |a SNKBUCL  |b slo  |c SNKBUCL  |e AACR2 
041 0 |a eng  |b eng  |b slo 
044 |a xo  |c SK 
080 |a 330.55:338.532.425:519.24  |x (437.3)  |2 2001 
080 |a 338.532.425  |x (437.3)  |2 2001 
080 |a 519.24  |2 2001 
080 |a 519.23  |2 2001 
100 1 |a Jílek, Jaroslav,  |d 1931-2007  |4 aut  |9 205967 
245 1 4 |a The usage of coherence in statistical practice of the Czech Republic  |c Jaroslav Jílek, Miloš Vojta 
300 |b Tab. 
500 |a Pozn. pod čiarou 
504 |a Bibliogr. odkazy 
546 |a Res. angl., slov. 
650 0 7 |a hrubý domáci produkt  |2 snkbucl  |9 2288 
650 0 7 |a pevné ceny  |2 snkbucl  |9 1634457 
650 0 7 |a odhad  |2 snkbucl  |9 742548 
650 0 7 |a matematická štatistika  |2 snkbucl  |9 777 
651 7 |a Česko  |2 snkbucl  |9 16753 
700 1 |a Vojta, Miloš  |4 aut  |9 1009866 
773 0 |t Acta oeconomica N° 16  |d Banská Bystrica : Univerzita Mateja Bela, Ekonomická fakulta, 2003  |g S. 73-78  |z 8080558744 
852 |a SNK  |b KIS3GCP 
958 |a NB 
958 |a CZ 
999 |c 3367411  |d 3369341